000 02468nam0a2200409 4500
001 RU\NLR\bibl\1149713
005 20250810041213.0
010 _a5-7408-0086-2
_91000
021 _aRU
_b2007-63191
_93371
035 _a(NLR Aleph) 001136513
090 _a1390700
_c1390700
100 _a20071106d2006 u y0rusy50 ca
101 1 _arus
_afre
_cfre
102 _aRU
105 _aah |||||||||
200 1 _aКлод-Николя Леду (1736-1806). Архитектура и летопись времени
_dClaude-Nicolas Ledoux (1736-1806). L'architecture et les fastes du temps
_fДаниэль Рабро
_zfre
_gПарижский ун-т-I Пантеон-Сорбонна
210 _aЕкатеринбург
_cАрхитектон
_d2006
215 _a655, [1] c., [79] л. ил., факс.
_d35
225 1 _aАнналы Центра Леду
_dAnnales du Centre Ledoux
_vт. 3
300 _aАвт. также на фр. яз.: Daniel Rabreau
300 _aТекст парал. на рус. и фр. яз.
309 _aНа обороте тит. л.: Т. 2
311 _aВторой том трилогии, посвященной творчеству архитектора К.-Н. Леду. Первый том трилогии: Архитектура, рассмотренная в отношении к искусству, нравам и законодательству / К.-Н. Леду
320 _aБиблиогр.: с. 623-639
320 _aLibr. de l'architecture et de la ville: c. 654-655
320 _aУказ.: с. 329-336, 640-647
488 0 _12001#$aАрхитектура, рассмотренная в отношении к искусству, нравам и законодательству
_1700#1$aЛеду$bК. -Н.$f1736-1806$gКлод-Николя$4070
_tАрхитектура, рассмотренная в отношении к искусству, нравам и законодательству
_aЛеду, Клод-Николя (1736-1806)
510 1 _6z45790
_aClaude-Nicolas Ledoux (1736-1806). L'architecture et les fastes du temps
_zfre
600 1 _aЛеду
_bК.- Н.
_f1736 - 1806
_gКлод-Николя
_91056008
_3RU\NLR\auth\6690678
686 _aЩ113(4Фр)4-8Леду
700 1 _aРабро
_bД.
_gДаниэль
_4070
790 1 _6z45510
_aRabreau
_bD.
_gDaniel
_4070
801 0 _aRU
_bNLR
_c20071106
_gRCR
801 1 _aRU
_bNLR
_c20071106
942 _cBOOK
980 _aNB